Loading...
| History - Other History | 0 | 3 | 0 | 1 | 30 | 74 | 85.67 | 0 | 1 |
| Religion | 0 | 2 | 0 | 1 | 20 | 58 | 77.50 | 0 | 0 |
| Current Events | 0 | 2 | 0 | 0 | 20 | 34 | 44.00 | 1 | 1 |
| Mythology | 0 | 2 | 1 | 0 | 15 | 79 | 90.50 | 0 | 2 |
| Philosophy | 0 | 2 | 1 | 1 | 15 | 77 | 93.50 | 0 | 1 |
| Science - Other Science | 0 | 2 | 1 | 0 | 15 | 50 | 66.00 | 0 | 2 |
| History - American History | 0 | 1 | 0 | 1 | 10 | 85 | 85.00 | 0 | 0 |
| Literature - European Literature | 0 | 1 | 0 | 0 | 10 | 44 | 44.00 | 0 | 1 |
| Fine Arts - Other Fine Arts | 0 | 1 | 0 | 1 | 10 | 109 | 109.00 | 0 | 0 |
| Painting/Sculpture | 0 | 1 | 0 | 0 | 10 | 107 | 107.00 | 0 | 0 |
| Science - Physics | 0 | 1 | 0 | 0 | 10 | 69 | 69.00 | 0 | 1 |
| Fine Arts - Classical Music | 0 | 1 | 0 | 0 | 10 | 86 | 86.00 | 0 | 1 |
| Science - Biology | 0 | 1 | 0 | 1 | 10 | 70 | 70.00 | 0 | 0 |
| Social Science | 0 | 1 | 0 | 1 | 10 | 115 | 115.00 | 0 | 0 |
| History - European History | 0 | 1 | 1 | 0 | 5 | 59 | 59.00 | 0 | 0 |
| History - World History | 0 | 0 | 1 | 0 | -5 | 0.00 | 0 | 0 |